000
00291nam a22001337a 4500
008
210304b ||||| |||| 00| 0 eng d
020
_a
9780071621809
041
_a
eng
080
_2
2nd
_a
615
100
_a
5
101
_a
FAR
245
_a
Pharmacotherapy
_c
Chisholm,A.M
942
_2
udc
_c
BK
999
_c
55731
_d
55731